000 00649nam a2200181Ia 4500
008 100917s9999 xx 000 0 und d
082 _b14349
100 _aगद्रे अ. ह. - प्रका.
245 _aसन्मित्र समाज मेळ्याची पद्यावली
260 _b---
300 _a8
365 _b0.06
520 _aकविता
630 _aसन्मित्र समाज मेळ्याची पद्यावली
650 _aकविता
730 _aसन्मित्र समाज मेळ्याची पद्यावली
942 _cBOOK
999 _c619743
_d619740